000 00733nam a2200229Ii 4500
003 JO-AjNU
008 230605s9999||||xx |||||||||||||| ||und||
017 _a1985/9/370
040 _aJO-AjNU
_bara
_erda
_cJO-AjNU
041 _aara
050 1 4 _aBP144.M8366 1986
100 3 _aعقلة، محمد,
_eauthor
_929964
245 0 0 _aنظام الإسلام العبادة والعقوبة
250 _aط1
264 3 1 _aعمان: مكتبة الرسالة الحديثة، 1986
300 _a286ص
336 _atext
_btxt
_2rdacontent
337 _aunmediated
_bn
_2rdamedia
338 _avolume
_bnc
_2rdacarrier
490 0 _aسلسلة نظام الاسلام3
650 4 _aالفقه الاسلامي- عبادات
_929965
999 _aA11820
_c15388
_d15388